Pět přání : zodpovězení jednoduché otázky může splnit vaše sny /

Main Author: Hendricks, Gay
Other Authors: Walsch, Neale Donald, 1943-
Language: Czech
Published: [Praha] : Pragma, c2011
Subjects:
Online Access: Digitalizovaný dokument
Physical Description: 141 s. ; 20 cm
Book
Saved in:
LEADER 02114cam a2200577 a 4500
001 nkc20122340205
003 CZ PrNK
005 20180717235014.0
007 ta
008 111206s2011 xr e f 000 0 cze d
015 |a cnb002340205 
020 |a 978-80-7349-284-7  |q (váz.) 
035 |a (OCoLC)823820612 
040 |a KLG001  |b cze  |d BOA001 
041 1 |a cze  |h eng 
072 7 |a 159.92  |x Vývojová psychologie. Individuální psychologie  |2 Konspekt  |9 17 
080 |a 17.02  |2 MRF 
080 |a 316.648.4  |2 MRF 
080 |a 159.923.5  |2 MRF 
080 |a 316.628  |2 MRF 
080 |a 17.024.4  |2 MRF 
080 |a (035)  |2 MRF 
100 1 |a Hendricks, Gay  |7 xx0013868  |4 aut 
245 1 0 |a Pět přání :  |b zodpovězení jednoduché otázky může splnit vaše sny /  |c Gay Hendricks ; předmluva Neal Donald Walsch ; [z anglického originálu ... přeložila Lucie Antonsen] 
246 3 |a 5 přání 
260 |a [Praha] :  |b Pragma,  |c c2011 
300 |a 141 s. ;  |c 20 cm 
650 0 7 |a smysl života  |7 ph125718  |2 czenas 
650 0 7 |a změna postoje  |7 ph615993  |2 czenas 
650 0 7 |a sebeřízení  |7 ph303239  |2 czenas 
650 0 7 |a sebezdokonalování  |7 ph116118  |2 czenas 
650 0 7 |a seberealizace  |7 ph125451  |2 czenas 
650 0 7 |a úspěch  |7 ph128351  |2 czenas 
650 0 7 |a životní harmonie  |7 ph138147  |2 czenas 
650 0 9 |a sense of life  |2 eczenas 
650 0 9 |a attitude change  |2 eczenas 
650 0 9 |a self-management  |2 eczenas 
650 0 9 |a self-actualization  |2 eczenas 
650 0 9 |a self-realization  |2 eczenas 
650 0 9 |a success  |2 eczenas 
650 0 9 |a harmony of life  |2 eczenas 
655 7 |a příručky  |7 fd133209  |2 czenas 
655 9 |a handbooks and manuals  |2 eczenas 
765 0 |t Five wishes  |9 Česky 
700 1 |a Walsch, Neale Donald,  |d 1943-  |7 jn20001227075  |4 wfw 
856 4 1 |u http://www.digitalniknihovna.cz/mzk/uuid/uuid:6ea422a0-535b-11e8-afec-005056827e51  |y Digitalizovaný dokument  |x NDK 
910 2 |a BOA001  |b 1-1288.676 
990 |a BK 
995 |a 01 
991 |b 201208  |c NOV  |e n 
996 6 |b 2610519394  |c 1-1288.676  |l MZK  |r Sklad / do 1 hodiny  |n 4  |p p.v.  |w 001273819  |u 000010  |a 1  |e BOA001  |j MZK50  |s P